000 00568cab a2200193 4500
001 WB2247-01
008 090401t1986 xxu||||| |||| 00| 0 eng d
035 _a(Sirsi) u39980
041 _aeng
245 _aRe-organisation of ADAS
260 _c1986
350 _a0
490 _aMAFF Press Release
_vNo 315 25 November 1986 4 pages
520 _aAgriculture Ministers in England and Wales have announced a reorganisation of ADAS to be completed by the end of January 1987.
650 _aADAS
690 _aRURAL PRACTICE
942 _n0
948 _c04/03/1997
999 _c25599
_d25599